Guess the lyrics (#22) - Statistics

General Stats
  • This quiz has been taken 234 times
  • The average score is 32 of 104
Answer Stats
Answer % Correct
a
93%
The
92%
the
92%
and
79%
it
75%
in
74%
on
74%
F
72%
when
72%
When
72%
Where
72%
who
72%
to
70%
of
63%
so
60%
they
58%
are
50%
was
47%
all
46%
as
45%
can't
41%
them
41%
their
39%
down
34%
know
33%
His
32%
his
32%
some
30%
get
28%
with
28%
end
21%
before
10%
little
9%
takes
7%
long
5%
near
5%
War
5%
While
5%
he'd
4%
nobody
4%
red
4%
Civil
3%
Troop
3%
turn
3%
bang
2%
face
2%
Indian
2%
lickin'
2%
quite
2%
town
2%
blood
1%
boom
1%
chicken
1%
family
1%
fighting
1%
fights
1%
group
1%
hero
1%
retreat
1%
skin
1%
spilled
1%
abruptly
0%
accidentally
0%
both
0%
colorful
0%
command
0%
drilling
0%
droop
0%
honor
0%
medal
0%
morale
0%
pale
0%
pinning
0%
planned
0%
pleased
0%
proud
0%
relax
0%
resume
0%
reversed
0%
seized
0%
sights
0%
sneezed
0%
thrilled
0%
victory
0%
No matching quizzes found
Score Distribution
Percent of People with Each Score
Percentile by Number Answered
Your Score History
You have not taken this quiz